Statistics for Heisman Winners Quiz

Click here to take the quiz!

General Stats

  • This quiz has been taken 33,555 times
    (2,516 since last reset)
  • The average score is 37 of 88

Answer Stats

YearSchoolWinner% Correct
2016LouisvilleLamar Jackson
93%
2022USCCaleb Williams
92%
2019LSUJoe Burrow
91%
2020AlabamaDeVonta Smith
90%
1985AuburnBo Jackson
88%
2017OklahomaBaker Mayfield
86%
2021AlabamaBryce Young
86%
2006Ohio StateTroy Smith
86%
1941MinnesotaBruce Smith
85%
2010AuburnCam Newton
85%
2023LSUJayden Daniels
85%
2012Texas A&MJohnny Manziel
85%
1998TexasRicky Williams
85%
2007FloridaTim Tebow
84%
2011BaylorRobert Griffin
83%
2014OregonMarcus Mariota
82%
2013Florida StateJameis Winston
81%
2018OklahomaKyler Murray
81%
2015AlabamaDerrick Henry
79%
2005USCReggie Bush
77%
1974, 1975Ohio StateArchie Griffin
65%
1988Oklahoma StateBarry Sanders
64%
1997MichiganCharles Woodson
62%
2009AlabamaMark Ingram
62%
2004USCMatt Leinart
62%
2008OklahomaSam Bradford
62%
2002USCCarson Palmer
53%
1968USCO. J. Simpson
51%
2003OklahomaJason White
47%
1979USCCharles White
46%
1987Notre DameTim Brown
46%
1982GeorgiaHerschel Walker
45%
1948SMUDoak Walker
44%
1991MichiganDesmond Howard
43%
1963NavyRoger Staubach
41%
1984Boston CollegeDoug Flutie
39%
1995Ohio StateEddie George
38%
1977TexasEarl Campbell
36%
1981USCMarcus Allen
36%
1993Florida StateCharlie Ward
34%
1999WisconsinRon Dayne
34%
2000Florida StateChris Weinke
33%
1980South CarolinaGeorge Rogers
33%
1972NebraskaJohnny Rodgers
33%
1986MiamiVinny Testaverde
33%
1976PittsburghTony Dorsett
31%
2001NebraskaEric Crouch
30%
1996FloridaDanny Wuerffel
29%
1978OklahomaBilly Sims
28%
1961SyracuseErnie Davis
28%
1946ArmyGlenn Davis
28%
1966FloridaSteve Spurrier
28%
1962Oregon StateTerry Baker
28%
1990BYUTy Detmer
27%
1989HoustonAndre Ware
26%
1994ColoradoRashaan Salaam
26%
1970StanfordJim Plunkett
25%
1992MiamiGino Torretta
24%
1983NebraskaMike Rozier
21%
1956Notre DamePaul Hornung
21%
1973Penn StateJohn Cappelletti
19%
1959LSUBilly Cannon
18%
1936YaleLarry Kelley
18%
1971AuburnPat Sullivan
18%
1969OklahomaSteve Owens
18%
1938TCUDavey O'Brien
17%
1935ChicagoJay Berwanger
17%
1939IowaNile Kinnick
17%
1940MichiganTom Harmon
17%
1937YaleClint Frank
16%
1945ArmyDoc Blanchard
16%
1967UCLAGary Beban
16%
1957Texas A&MJohn David Crow
16%
1965USCMike Garrett
16%
1942GeorgiaFrank Sinkwich
15%
1955Ohio StateHoward Cassady
15%
1947Notre DameJohnny Lujack
15%
1949Notre DameLeon Hart
15%
1954WisconsinAlan Ameche
14%
1952OklahomaBilly Vessels
14%
1960NavyJoe Bellino
14%
1964Notre DameJohn Huarte
14%
1953Notre DameJohnny Lattner
14%
1958ArmyPete Dawkins
14%
1943Notre DameAngelo Bertelli
13%
1951PrincetonDick Kazmaier
13%
1944Ohio StateLes Horvath
13%
1950Ohio StateVic Janowicz
13%

Score Distribution

Percentile by Number Answered

Percent of People with Each Score

Your Score History

You have not taken this quiz since the last reset